Quiz o Pabianicach - Statystyki

Ogólne statystyki
  • Ten quiz został rozwiązany 103 razy
  • Średni wynik to 8 z 17
Statystyki odpowiedzi
Hint Odpowiedź % Poprawnych
Najsłynniejszy tramwaj w Pabianicach(jeden) 41
76%
Pabianice znajdują się w jakim województwie łodzkim
68%
Trzy korony inaczej to SDH
66%
Największy streamer z pabianic Dawid Jasper
65%
miejsce gdzie spotykają się znajomi lewityn
61%
jest tam amfiteatr strzelnica
59%
w herbie pabianic znajdują się trzy korony
56%
Prezydentem miasta jest Grzegorz Mackiewicz
51%
najdłuższa ulica w Pabianicach to 20 Stycznia
45%
dzielnica za torami zatorze
45%
Słynna pizzeria która lubi quebo Zielona górka
45%
Klub piłki ręcznej Pabiks
41%
park naprzeciwko fabryki wełny Park Juliusza Słowackiego
38%
najsłynniejszy sklep monopolowy na bugaju walduś
35%
Najsłynniejszy autobus w Pabianicach(jeden) Z41
34%
najwięcej żuli starówa
31%
Klub koszykówki mężczyzn PKK 99
28%
Nie znaleziono quizów pasujących do podanych kryteriów
Rozkład punktacji
Procent ludzi z każdym wynikiem
Percentyl według liczby udzielonych odpowiedzi
Twoja historia wyników
Nie rozwiązałeś tego quizu